000 00437nam a2200157Ia 4500
008 240729s9999 xx 000 0 und d
022 _a2412-382X
245 0 _aQuantum Beam Science
260 _aSwitzerland
260 _bMDPI AG
650 _a Electrical engineering. Electronics. Nuclear engineering
650 _aTechnology
856 _uhttps://doaj.org/toc/e42de4e2ef854bccbff413a33b2bd022
942 _2ddc
942 _cDOAJEJ
999 _c74049
_d74049
945 _a1
_bMadushi Gamage
_c1
_dMadushi Gamage